|
|
|
|
| LEADER |
01728nam a2200421 i 4500 |
| 001 |
EBC1563912 |
| 003 |
MiAaPQ |
| 005 |
20200520144314.0 |
| 006 |
m o d | |
| 007 |
cr cnu|||||||| |
| 008 |
740503s1973 nz abd ob 001 0 eng|d |
| 020 |
|
|
|z 0196477131
|
| 020 |
|
|
|z 9781775581161
|
| 020 |
|
|
|a 9781775585879
|q (electronic bk.)
|
| 035 |
|
|
|a (MiAaPQ)EBC1563912
|
| 035 |
|
|
|a (Au-PeEL)EBL1563912
|
| 035 |
|
|
|a (CaPaEBR)ebr10817600
|
| 035 |
|
|
|a (CaONFJC)MIL550554
|
| 035 |
|
|
|a (OCoLC)863821914
|
| 040 |
|
|
|a MiAaPQ
|b eng
|e rda
|e pn
|c MiAaPQ
|d MiAaPQ
|
| 043 |
|
|
|a u-nz---
|
| 050 |
|
4 |
|a HF4030.5.Z9
|b A97 1973
|
| 082 |
0 |
|
|a 330.9/9312/2
|
| 100 |
1 |
|
|a Stone, R. C. J.
|
| 245 |
1 |
0 |
|a Makers of fortune :
|b a colonial business community and its fall /
|c R.C.J. Stone.
|
| 264 |
|
1 |
|a [Auckland] :
|b Auckland University Press,
|c 1973.
|
| 300 |
|
|
|a 1 online resource (267 pages) :
|b illustrations, maps
|
| 336 |
|
|
|a text
|2 rdacontent
|
| 337 |
|
|
|a computer
|2 rdamedia
|
| 338 |
|
|
|a online resource
|2 rdacarrier
|
| 504 |
|
|
|a Includes bibliographical references (pages 223-231) and index.
|
| 588 |
|
|
|a Description based on print version record.
|
| 590 |
|
|
|a Electronic reproduction. Ann Arbor, MI : ProQuest, 2015. Available via World Wide Web. Access may be limited to ProQuest affiliated libraries.
|
| 651 |
|
0 |
|a Auckland (N.Z.)
|x Commerce
|x History.
|
| 655 |
|
4 |
|a Electronic books.
|
| 776 |
0 |
8 |
|i Print version:
|a Stone, R. C. J.
|t Makers of fortune : a colonial business community and its fall.
|d [Auckland] : Auckland University Press, 1973
|h vii, 240 pages ; 25 cm.
|z 9781775581161
|
| 797 |
2 |
|
|a ProQuest (Firm)
|
| 856 |
4 |
0 |
|u https://ebookcentral.proquest.com/lib/matrademy/detail.action?docID=1563912
|z Click to View
|